La conjura sixtina

Sparad:
Bibliografiska uppgifter
Huvudupphovsman: Vandenberg, Philipp
Materialtyp: Bok
Språk:Undetermined
Publicerad: Barcelona, España Planeta 1991
Ämnen:
Taggar: Lägg till en tagg
Inga taggar, Lägg till första taggen!

MARC

LEADER 00000nam a2200000Ia 4500
008 170316s9999 xx 000 0 und d
040 |a cru BVZT 
090 |a 830 V-1c 
100 |a Vandenberg, Philipp 
245 |a La conjura sixtina 
260 |a Barcelona, España 
260 |b Planeta 
260 |c 1991 
300 |a 289 páginas 
650 |a LITERATURA ALEMANA 
999 |c 7443  |d 7443 
942 |c 15 D  |h 830 V-1c  |2 z